000 00466nam a2200193Ia 4500
008 210210b1927 xxu||||| |||| 00| 0 eng d
041 _aeng
082 _a320/665
100 _a-
245 _aLeague of nations and intellectual co-operation.
260 _aGeneva
_bLeague of Nations
_c1927
300 _a52
650 _anations
650 _aLeague
650 _aintellectual
650 _aco-operation.
690 _aPolitical Science
906 _a003296
999 _c120929
_d120929